000 00296nam a22001337a 4500
008 170503b xxu||||| |||| 00| 0 eng d
020 _a9780813381824
041 _aeng
080 _a342
100 _a13
101 _aSHJ
245 _aINTERNATIONAL HUMA RIGHT
_cDONNELLY.J
942 _2udc
_cBK
999 _c12572
_d12572